The Bible period by period. (Record no. 3781)

000 -LEADER
fixed length control field 00616nam a2200181 a 4500
001 - CONTROL NUMBER
control field :::00001516$&:&@@
003 - CONTROL NUMBER IDENTIFIER
control field OkBaRHE
005 - DATE AND TIME OF LATEST TRANSACTION
control field 20000607103244.0
008 - FIXED-LENGTH DATA ELEMENTS--GENERAL INFORMATION
fixed length control field s1923 j 000 0 eng u
040 ## - CATALOGING SOURCE
Transcribing agency
100 1# - MAIN ENTRY--PERSONAL NAME
Personal name Tidwell, Josiah Blake, 1870-1946.
245 14 - TITLE STATEMENT
Title The Bible period by period.
260 ## - PUBLICATION, DISTRIBUTION, ETC. (IMPRINT)
Place of publication, distribution, etc Nashville, TN., :
Name of publisher, distributor, etc Sunday School Board of the Southern Baptist Convention
Date of publication, distribution, etc c1923
300 ## - PHYSICAL DESCRIPTION
Extent 359 p. : illus. ;
Dimensions 20 cm.
650 ## - SUBJECT ADDED ENTRY--TOPICAL TERM
Topical term or geographic name as entry element Bible
General subdivision Study
-- Outlines, Syllabi, etc.
942 ## - ADDED ENTRY ELEMENTS (KOHA)
Source of classification or shelving scheme
Koha item type Books
Copies
Damaged status Price effective from Withdrawn status Shelving location Copy number Full call number Koha item type Not for loan Date acquired Lost status Permanent Location Date last seen Source of classification or shelving scheme Barcode
 2010-04-14 General Stacks1BS 591 .T52Books 2010-04-14 RHEMA Bible Training College2018-03-12 1516